[Event "EU-chT 22nd"]
[Site "Batumi"]
[Date "2019.11.02"]
[Round "9.3"]
[White "Shirov, Alexei"]
[Black "Westerberg, Jonathan"]
[Result "1-0"]
[WhiteElo "2664"]
[BlackElo "2546"]
[Annotator "Ftacnik,L"]
[PlyCount "65"]
[EventDate "2019.10.24"]
[EventType "team-swiss"]
[EventRounds "9"]
[EventCountry "GEO"]
[SourceTitle "CBM 193 Extra"]
[Source "ChessBase"]
[SourceDate "2020.01.31"]
[SourceVersion "1"]
[SourceVersionDate "2020.01.31"]
[SourceQuality "1"]
[WhiteTeam "Spain"]
[BlackTeam "Sweden"]
[WhiteTeamCountry "ESP"]
[BlackTeamCountry "SWE"]

{[%evp 0,69,36,19,19,-11,42,54,49,54,59,57,46,54,47,8,2,2,138,144,144,165,171,
173,185,88,131,155,225,225,225,200,227,227,200,208,192,209,235,3,192,61,64,157,
118,154,206,261,311,139,206,467,456,541,620,564,733,967,967,1095,1145,1206,
1231,1302,1432,1432,1432,1499,1968,2282,29989,29990]} 1. d4 d5 2. c4 c5 3. cxd5
Qxd5 4. Nf3 cxd4 5. Nc3 Qa5 6. Nxd4 Nf6 7. Bd2 {Black does not shy away from
playing some strange form of the Scandinavian defence. In the modern era, we
are used to patterns that were quite shocking in the past. Early adventures of
the queen are not the worst transgressions anymore.} (7. Nb3 Qc7 8. g3 (8. e4
Nc6 9. Be2 e6 10. O-O a6 (10... Bb4 11. Nb5 Qb8 12. a3 Be7 13. Nc3 O-O 14. Be3
Rd8 15. Qc2 e5 16. Rad1 Be6 17. Rxd8+ Qxd8 18. Rd1 Qe8 19. Nc5 Bxc5 20. Bxc5 {
0-1 (56) Le,Q (2712)-Mamedyarov,S (2753) Khanty-Mansiysk 2013} Rd8 $11) 11. Be3
Bd6 12. f4 e5 13. f5 O-O 14. Rc1 Qd8 15. g4 h6 16. h4 Nh7 17. Kg2 Be7 18. Qxd8
Rxd8 19. Bb6 Bxh4 20. Bxd8 Bxd8 {1/2-1/2 (53) Ding,L (2766)-Mamedyarov,S (2747)
Huaian 2016} 21. Nd5 $16) 8... e5 9. Bg2 Bb4 10. Bd2 (10. Qd3 O-O 11. Bg5 Rd8
12. Qe3 Bxc3+ 13. Qxc3 Qxc3+ 14. bxc3 Nc6 15. Bxf6 gxf6 16. Rd1 Be6 17. Nc5
Bxa2 18. Nxb7 Rxd1+ 19. Kxd1 Rc8 20. Kd2 Bc4 21. Ra1 $16 {1-0 (41) Wang,Y 
(2718)-Wang,H (2717) Huaian 2016}) (10. O-O Bxc3 11. bxc3 O-O 12. Ba3 Rd8 13.
Qc2 Be6 14. c4 Nc6 15. Rac1 Rac8 16. Qb2 b6 17. Rfe1 e4 18. Qc3 Qe5 19. Bb2
Qxc3 20. Bxc3 $11 {0-1 (32) Yilmaz,M (2582)-Mamedyarov,S (2735) Kocaeli 2015})
(10. Bg5 Bxc3+ 11. bxc3 O-O 12. O-O Nbd7 13. Qd3 h6 14. Be3 Nb6 15. Rfd1 Be6
16. Bc5 Rfd8 17. Bd6 Qc8 18. Qb5 e4 19. Na5 Nc4 20. Be7 Rd5 21. Rxd5 Nxd5 22.
Qxc4 Nxe7 23. Qxc8+ Rxc8 24. Nxb7 f5 $11 {1/2-1/2 (29) Ragger,M (2695)-Mista,A
(2589) Germany 2016}) 10... O-O 11. Rc1 (11. O-O Rd8 12. Rc1 Nc6 13. Qc2 Be6
14. Bg5 Rac8 15. Qb1 (15. e3 Na5 16. Bxf6 gxf6 17. Nxa5 Bxa5 18. Qa4 Kg7 19. a3
Rd2 20. Ne2 Qd8 21. Rxc8 Bxc8 22. b4 Bb6 $17 {1/2-1/2 (33) Tomashevsky,E (2728)
-Mamedyarov,S (2747) Wijk aan Zee 2016}) (15. Bxf6 gxf6 16. e3 Kg7 17. Rfd1 Na5
18. Nxa5 Bxa5 19. Rxd8 Rxd8 20. Qe2 a6 21. a3 b5 22. b4 Bb6 $11 {0-1 (45) Wang,
Y (2718)-Mamedyarov,S (2747) Huaian 2016}) 15... Qb6 16. Na4 Qb5 17. Nac5 Bxb3
18. Nxb3 Qxe2 19. Bxf6 gxf6 20. Qf5 Ne7 21. Qxf6 Rxc1 22. Rxc1 $14 {1-0 (44)
So,W (2778)-Mamedyarov,S (2808) Paris 2018}) (11. Nb5 Qc4 12. Na3 Bxa3 13. bxa3
Nc6 14. Qc1 Be6 15. Qxc4 Bxc4 16. Rc1 Bd5 17. Bxd5 Nxd5 18. e4 Nde7 19. Ke2 f6
20. Be3 Kf7 21. Rc4 $11 {1/2-1/2 (31) Gajewski,G (2634)-Piorun,K (2638)
Chartres 2017}) 11... Rd8 12. Nd5 Bxd2+ 13. Nxd2 Qd6 14. Nc7 Nc6 15. Nxa8 Be6
16. O-O Qb4 17. a3 Qxb2 18. Rc2 Qxa3 19. Bxc6 bxc6 20. Nc7 $16 {1-0 (28)
Aronian,L (2765)-Mamedyarov,S (2817) Kolkata 2018}) 7... e5 8. Ndb5 (8. Nb3 Qb6
9. Be3 Qe6 $11) 8... Bb4 $2 {In the times of modern computers, opening theory
is supplemented by the might of chess engines. The one respected in 2019 is
suggesting 8...Qb6 as Black's best option. Westerberg is confused and falls
for a very difficult line, bordering on a losing disadvantage.} (8... Qb6 9.
Be3 (9. e4 a6 10. Be3 Bc5 11. Bxc5 Qxc5 12. Rc1 Bg4 13. Nd5 Bxd1 14. Rxc5 O-O
15. Nxf6+ gxf6 16. Nc7 Nd7 17. Rc1 $18 {1-0 (17) Rodshtein,M (2698)-Stephan,V 
(2365) Chartres 2017}) (9. Rc1 Nc6 10. Be3 Qd8 11. Qxd8+ Kxd8 12. h3 Be6 13. g4
Nd7 14. Bg2 a6 15. Na3 Bb4 16. O-O Bxc3 17. Rxc3 Ke7 18. b3 h5 19. g5 Nb4 20.
Rc7 Rhc8 21. Bc5+ $18 {1-0 (21) Osieka,U (2269)-Sailer,D (2040) Luxemburg 2016}
) 9... Bc5 10. Bxc5 Qxc5 11. e3 (11. Nd6+ Ke7 12. Nxc8+ Rxc8 13. e3 $11) 11...
Ke7 $11) (8... a6 $2 9. Nd5 $18) (8... Qd8 9. Be3 $1 Bd7 10. Nd6+ Bxd6 11. Qxd6
Nc6 12. g3 $14) (8... Na6 9. e4 (9. Rc1 Be7 10. e4 O-O 11. Bc4 Qd8 12. Be3 Bc5
13. Qe2 Qb6 14. Bd2 Be6 15. Bxe6 Qxe6 16. O-O h6 17. Be3 Rfc8 18. Rfd1 $14 {
1-0 (54) Kharitonov,A (2554)-Ulybin,M (2491) Cappelle-la-Grande 2014}) (9. a3
Be7 10. b4 Qd8 11. e4 O-O 12. Be3 Bd7 13. f3 Qb8 14. Rc1 Rc8 15. Qb3 Be6 16.
Qa4 Nd7 17. Qd1 Nc7 18. Be2 Ne8 19. Nd5 Bh4+ 20. g3 Rxc1 21. Qxc1 Bxd5 22. exd5
$11 {1/2-1/2 (46) Jarmula,L (2457)-Ulybin,M (2518) Suwalki 2017}) 9... Bc5 10.
Be2 O-O 11. O-O h6 12. a3 Qd8 13. b4 Bb6 14. Na4 Nxe4 15. Nxb6 axb6 16. Be3 Bd7
17. Rc1 Bxb5 18. Bxb5 Nd6 19. Be2 $14 {1-0 (41) Akopian,V (2685)-Ulybin,M 
(2587) Moscow 2012}) 9. a3 Bxc3 10. Nd6+ $1 {In case Black missed this
intermediate move, it is not only a pity but a serious step towards
catastrophy.} Ke7 (10... Kf8 11. Bxc3 Qc7 12. Nxc8 Qxc8 13. Bxe5 $16) 11. Bxc3
Qd5 12. Bb4 (12. Qxd5 Nxd5 13. Nxc8+ Rxc8 14. Bxe5 f6 15. Bg3 Nd7 16. e3 $16)
12... Nc6 (12... Be6 13. Nxb7+ (13. Qc2 $5 $18) 13... Kd7 14. e3 $18) (12...
Kd7 13. Qa4+ $18) (12... Ke6 13. Qc2 Nc6 14. e4 $18) 13. Nxc8+ Ke6 {The king
march towards e6 in the opening with many pieces on the board forces one to
think about terminally ill patients. White's knight on c8 has some problems to
come back home, but it is only one of the problems.} (13... Kd7 14. Qxd5+ Nxd5
15. Rd1 Nd4 (15... Ke6 16. e4 (16. Nd6 Ncxb4 17. axb4 Kxd6 18. e4 $18) 16...
Ncxb4 (16... Ndxb4 17. Rd6#) 17. axb4 $18) 16. e3 Nc2+ 17. Ke2 Ncxb4 18. axb4
Ke6 19. Nd6 $18) 14. g3 $1 {[%mdl 64] Shirov is clearly feeling perfectly fine
in his waters, the chance to use his exceptional phantasy must have been very
enjoyable. Hopefully the game will serve as a clear example of a marriage
between the purpose and chess asthetics!} (14. Nd6 $2 Nxb4 $11) 14... Qxh1 {
The only sensible, radical way to stop the devastating check on h3 is
mislocating the black queen and leaving the stage open for the white one.} (
14... g5 15. Bh3+ (15. Qxd5+ Kxd5 (15... Nxd5 16. Bh3+ f5 17. e4 Ndxb4 18.
Bxf5+ Kf6 19. axb4 Rhxc8 20. Bxc8 Rxc8 21. O-O $18) 16. Ne7+ $18) 15... g4 16.
Qxd5+ Kxd5 (16... Nxd5 17. Bxg4+ f5 18. e4 $18) 17. Bg2+ Ke6 18. Bxc6 bxc6 19.
Nd6 $18) 15. Qd6+ Kf5 16. Qd3+ $1 e4 (16... Ke6 17. O-O-O Qxh2 18. Qb3+ (18. e4
Nd4 19. Qc4+ $18) 18... Kf5 19. Nd6+ $18) (16... Kg5 17. Bd2+ $18) 17. Nd6+ {
The hopelessly trapped knight on c8 is back in business and more active than
ever.} (17. Qb5+ Kg6 18. Nd6 $18) 17... Kg6 (17... Ke6 18. Qc4+ Nd5 19. O-O-O
Ncxb4 20. axb4 $18) 18. Qb5 Ne7 {Unfortunately, White was threatening a check
on f5 with two independent follow-ups of Nf7 and Bd2. Black has no other
option than to prevent the terminal move of the white queen.} (18... Nd4 19.
Qc5 $18) (18... Nxb4 19. Qf5+ Kh6 20. Nxf7#) 19. Nc4 $5 {We all need to get
used to the fact than even super grandmasters are not computers and they
rarely play game with all tactical lines worked out to perfection. The engine
prefers 19.Qxb7, but Shirov is creative and finds the move with dual threat of
Ne5+ and Bxe7.} (19. Qxb7 $1 Nfd5 20. Nc4 Nxb4 21. Ne5+ Kf6 22. axb4 $18) 19...
Nc6 (19... Rhe8 20. Ne5+ Kh6 21. Bd2+ $18) (19... Nfd5 20. Qxb7 $18) (19...
Ned5 20. Ne5+ Kf5 21. Nxf7 (21. O-O-O Rhc8+ 22. Kb1 a6 (22... Kxe5 23. f4+ exf3
24. e4 $18) 23. Qxb7 Kxe5 24. f4+ exf3 25. e4 $16) 21... Kg6 22. Ne5+ Kf5 23.
O-O-O $18) 20. Qxb7 Nxb4 (20... Rac8 21. Nd6 $18) 21. Ne5+ $1 Kf5 (21... Kh6
22. Nxf7+ Kg6 23. Nxh8+ Rxh8 24. axb4 $18) 22. axb4 {A very instructive
position with unbalanced material. On paper, Black should be doing fine with
his extra exchange, in reality his king is in grave danger and his pieces are
lacking elementary coordination.} a5 (22... Kxe5 23. Ra5+ Kd6 (23... Ke6 24.
Qc6+ Ke7 25. Re5+ $18) 24. Ra6+ Ke5 25. f4+ $1 exf3 (25... Kd4 26. Qb5 $18) 26.
Qc7+ Kf5 27. Ra5+ Kg6 28. Qc2+ Kh6 29. Qd2+ Kg6 30. Qg5#) (22... Rhb8 23. g4+
Nxg4 (23... Kg5 24. Qxf7 $18) (23... Kxe5 24. Ra5+ Kd6 25. Ra6+ Ke5 26. Qc7+
Kd4 27. Qc5#) 24. Qd7+ $18) 23. Nxf7 (23. Rc1 $5 $18) 23... Rhf8 (23... Rhb8
24. Nd6+ Ke6 25. Qxg7 $18) 24. Rc1 $1 {White has no problems to remember the
well-known principle of striking at the enemy when he is ill-prepared to cope
with an attack.} h6 (24... Kg6 25. Ne5+ Kh6 26. Qb6 axb4 27. Qe3+ g5 28. h4 $18
) 25. Nd6+ Kg6 (25... Ke5 26. Qe7+ $18) 26. Rc7 Nh5 (26... Rg8 27. Qb5 Kh7 28.
Qf5+ Kh8 29. Nf7#) 27. f3 $1 {A moment of disparity between humans and
computers. The engine is pleading for the brutal 27.g4, Shirov prefers the
human and much more charming way of interrupting the Black's queen defence of
the e4 pawn.} (27. g4 Rxf2 28. gxh5+ Kxh5 29. Kxf2 $18) 27... Kh7 (27... Rae8
28. Nxe8 Rxe8 29. g4 $18) (27... exf3 28. Qe4+ Kg5 29. h4+ Kf6 30. Qf5#) 28.
Qxe4+ Kg8 (28... Kh8 29. Nf7+ Kg8 30. Nxh6+ Kh8 31. Nf7+ Kg8 32. Ng5 Nf6 33.
Qg6 $18) 29. Qd5+ Kh7 30. Qxh5 Rf6 {The medals are never given for resigning
even in hopeless positions, so Black is marching on despite the terrible odds.}
(30... axb4 31. Qe5 (31. Qg4 Ra1+ 32. Kd2 Rg8) 31... Ra1+ 32. Kd2 Rd1+ 33. Kxd1
Qxf1+ 34. Kd2 $18) 31. Ne4 Rg6 32. Qf5 Raa6 33. h4 1-0

[Event "GER CupT sf"]
[Site "Muenster"]
[Date "1995.??.??"]
[Round "?"]
[White "Huebner, Robert"]
[Black "Vaganian, Rafael A"]
[Result "1-0"]
[WhiteElo "2620"]
[BlackElo "2640"]
[Annotator "Huebner,R"]
[PlyCount "123"]
[EventDate "1995.??.??"]
[EventType "game"]
[EventRounds "1"]
[EventCountry "GER"]
[SourceTitle "CBM 046"]
[Source "ChessBase"]
[SourceDate "1995.06.01"]
[SourceVersion "1"]
[SourceVersionDate "1995.06.01"]
[SourceQuality "1"]

1. d4 d5 2. Nf3 Bf5 3. c4 e6 4. Nc3 (4. Qb3 Nc6 5. c5 $5) 4... Nc6 5. Bf4 (5.
Bg5 Be7 6. Bxe7 Ngxe7 7. e3 O-O $10) 5... Nf6 (5... dxc4 6. e4 Bg4 7. d5 exd5
8. exd5 Qe7+ 9. Be2 Bxf3 10. gxf3 Ne5 11. Qa4+ $16) 6. e3 Be7 7. Be2 (7. a3 $5)
7... dxc4 (7... Nh5 8. Be5 f6 (8... Nxe5 9. dxe5 {/\ 10.Nd4+/-}) 9. Bxc7 Qxc7
10. Nd2 g6 11. g4 $16) (7... O-O 8. Nh4 $6 (8. O-O {- game}) (8. a3 $5) 8...
Be4 9. f3 (9. Nxe4 Nxe4 10. Nf3 Bb4+) 9... Nh5 $17) 8. Bxc4 Nb4 9. O-O (9. Rc1
c6 10. O-O {- game}) 9... O-O 10. Rc1 (10. Qe2 Nbd5 11. Bg5 Nxc3 12. bxc3 Ne4
13. Bxe7 Qxe7 14. Rfc1 c5 $10) (10. Bg5 Nbd5 11. Qb3 Nb6 12. Be2 Ne4 $10) 10...
c6 (10... Nbd5 $2 11. Nxd5 exd5 12. Bd3 Bxd3 13. Bxc7 $18) (10... c5 $6 11. a3
Nc6 (11... Nbd5 12. Bxd5 exd5 13. dxc5 $16) 12. dxc5 Bxc5 13. Nb5 $16) 11. Bg5
Nbd5 12. Qb3 Ne4 $10 (12... Nb6 13. Be2 h6 $10) (12... Nxc3 13. bxc3 Ne4 14.
Bxe7 Qxe7 15. Be2 c5 $10) (12... Qb6 $10) 13. Bxe7 Qxe7 14. Nxe4 Bxe4 15. Nd2
Bg6 16. Rfd1 (16. Be2 $5) 16... Rfd8 (16... Bh5 17. Re1 (17. f3 Qg5 $13) 17...
Rfd8 18. Ne4 {/\ 19.Nc5+/=}) 17. Be2 {/\ 18.Nc4} a5 (17... Qb4 18. a3 Qxb3 19.
Nxb3 $14) 18. a3 a4 19. Qc4 (19. Qa2 $5 e5 20. dxe5 Qxe5 21. Nf3 Qe7 $10) 19...
e5 20. Nf3 exd4 $2 (20... e4 21. Ne5 (21. Nd2 Qg5) 21... f6 22. Nxg6 hxg6 23.
Qc5 Qc7 24. Bc4 Ra5 $10) 21. Rxd4 Kf8 $6 (21... Re8 $142) 22. Rcd1 $2 (22. Nh4
$142 $16 {(><a4)}) 22... Re8 23. Qc1 {(><e3)} Nf6 $6 (23... h6 $5) 24. Nh4 Be4
(24... Kg8 25. Nxg6 hxg6 26. Qc2 $16) 25. Bd3 $4 (25. f3 Bd5 (25... g5 26. Rxe4
Nxe4 27. Nf5 Qe5 28. fxe4 Qxe4 29. Bd3 $16) (25... c5 26. Rxe4 Nxe4 27. Nf5 Qe5
28. fxe4 $16) 26. Nf5 Qe5 27. e4 $16 {(><d6)}) 25... c5 26. Rc4 Rad8 $6 (26...
b5 $5 27. Rxc5 $8 (27. Rc3 c4 $19) (27. Rc2 c4 28. Bxe4 Nxe4 29. Nf3 Nc5 $17)
27... Bxd3 28. Rxd3 Ne4 29. Rh5 $8 Rac8 (29... g6 30. Rxh7 Kg8 (30... Qf6 31.
Nf3 Rac8 32. Qb1) 31. Nxg6 Qf6 32. Rh8+ Kg7 33. Rxe8 (33. f3 Rxh8 (33... Rac8
34. Qb1 (34. Qxc8 Rxc8 35. Rxc8 Qxb2 $17) 34... Rxh8 35. Nxh8 Nc5 36. Rc3 Kxh8
37. Qc2 Qd6 $13) 34. Nxh8 Ng5 35. Nxf7 $16) 33... Qxf2+ 34. Kh1 Rxe8 35. Nf4
Rh8 36. h3 (36. Nh3 $2 Rxh3 37. gxh3 Qf3+ 38. Kg1 Ng5 $19) 36... Ng3+ 37. Kh2
Nf1+ $10) 30. Qb1 (30. Qe1 Qf6 {(><b2)}) 30... Qf6 31. Nf5 g5 32. h3 h6 $17 {
(><h5); /\ 33...Qg6 34.g4 Nf6}) 27. Be2 Nd7 $2 (27... Rxd1+ 28. Bxd1 (28. Qxd1
b5 29. Rc1 c4 30. Nf3 Bxf3 31. Bxf3 Rd8 $10) 28... Bc6 (28... b5 29. Rxc5 Nd7
30. Rc7 $16) (28... Nd7 29. Bxa4 $16) 29. Bxa4 Bxa4 (29... b5 30. Rxc5 Ne4 31.
Rxc6 Qxh4 32. Bxb5 Qxf2+ 33. Kh1) 30. Rxa4 b5 31. Ra6 Ne4 32. Nf5 Qd7 33. Ng3
$13) (27... b6 $5 $13) 28. f3 $8 (28. Nf3 b5 29. Rc3 c4 30. Nd4 Qc5 $17) 28...
Qxh4 (28... Bc6 29. Nf5 Qe5 30. e4 $16) 29. Rxe4 Rxe4 30. fxe4 b6 (30... Qxe4
$5 31. Bb5 Ke7 (31... Qe7 32. Qd2 Ke8 33. Bxa4 $18) (31... Qe6 32. Qd2) 32.
Bxd7 (32. Qd2 Qe5 {/\ 33...Qc7}) 32... Rxd7 33. Qxc5+ Kd8 $8 (33... Ke6 34. Qc8
$18) 34. Qf8+ Kc7 35. Rxd7+ Kxd7 36. Qxf7+ Kc6 37. Qxg7 Qxe3+ 38. Kf1 $16) 31.
Qd2 (31. Bb5 $2 Ne5 $10) 31... Qxe4 (31... Qe7 32. Bb5 Ke8 33. Bxa4 $18) 32.
Bb5 Qe5 33. Bxa4 $138 (33. Bxd7 $5 Ke7 34. Qd3 c4 (34... Qc7 35. Qe4+ Kf8 36.
Bxa4 $18) (34... Qxb2 35. Qe4+ Kf8 36. Bxa4 $18) (34... g6 35. Qb5) 35. Qxc4
Rxd7 (35... Qxe3+ $2 36. Kf1 $18) 36. Rxd7+ Kxd7 37. Qxa4+ (37. Qxf7+ $2 Kd8
$10) 37... Kd6 (37... Kc7 38. Qf4) (37... Ke7 38. Qb4+) 38. Qb3 $16) 33... Ke7
34. Bxd7 Qc7 $8 (34... g6 35. Qd3 $18) 35. Qc3 Rxd7 36. Rxd7+ Qxd7 37. Qxg7
Qd1+ (37... Qd2 $2 38. Qe5+ Kd7 39. h3) 38. Kf2 Qd2+ 39. Kf3 Qd1+ 40. Ke4 (40.
Kf4 $5 Qf1+ (40... Qd2 41. Qe5+ Kf8 42. Kg3 $16) 41. Ke5 (41. Ke4 Ke6) 41...
Qd3 (41... Qf2 42. Kd5) 42. Qf6+ Kf8 43. Qxb6) 40... Qa4+ (40... Qc2+ 41. Kd5
Qb3+ (41... Qd3+ 42. Kc6 Qd6+ 43. Kb5 $18) 42. Kc6 Qe6+ 43. Kc7 (43. Kb5 Kd7
$13) 43... h6 44. Qg3 $18) 41. Kd5 (41. Ke5 Qc6) 41... Qd7+ (41... Qa8+ 42. Kc4
Qe4+ (42... Qa4+ {- game}) 43. Kb5 $16) 42. Kc4 Qa4+ 43. Kc3 Qe4 (43... Qa5+
44. Kc2 Qa4+ 45. Kd2) 44. Qg3 Ke6 (44... Kd7 45. Qf4 Qxg2 46. Qxf7+ Kc6 47.
Qxh7 $18) (44... h5 45. Qf4 Qxg2 46. Qc7+ Kf8 47. Qxb6 $16) 45. h3 (45. Qf3
Qe5+ 46. Kb3 Qxh2 47. Qc6+ Qd6 48. Qxd6+ Kxd6 49. Kc4 Kc6 50. a4 f5 $10) 45...
h5 (45... f5 46. Qg8+ Kf6 47. Qd8+ $18) (45... Qb1 46. Qg4+ $16) 46. Qf3 Qe5+
47. Kc2 h4 (47... f6 $5 48. Qc6+ (48. g4 h4 $13) (48. Qf4 Qd5 $13) 48... Kf7
49. Qxb6 Qe4+ 50. Kb3 Qxg2 (50... Qxe3+ 51. Ka4) (50... Qd5+ 51. Ka4) (50...
Qxe3+ 51. Ka2) 51. Qxc5 (51. Qc7+ Kg6 52. Qd7 Qe2 53. Qe8+ Kg5 $13) 51... Qxh3
52. a4 $16) 48. Qg4+ f5 $8 (48... Qf5+ 49. Qxf5+ Kxf5 50. Kd3 {/\ 51.Kc4} b5
51. b3 Ke5 52. Kc3 Kd5 53. a4 Kc6 54. e4 $18) (48... Kd6 49. Qxh4 Qxe3 50. Qf6+
$18) 49. Qc4+ (49. Qxh4 Qxe3 $13) 49... Kd7 50. Qa4+ Kd6 $8 (50... Kc7 51. Qf4)
(50... Kc8 51. Qc6+) (50... Ke7 51. Qxh4+) 51. Qf4 (51. Qxh4 Qxe3 52. Qf6+ Kc7
53. Qxf5 Qe2+ 54. Kb1 Qxg2 55. Qe6 $16) 51... Qxf4 $2 (51... Kd5 52. Qxh4 (52.
Qxe5+ $2 $10 Kxe5 53. Kd3 b5 54. b3 Kd5 (54... Kd6 55. e4 fxe4+ 56. Kxe4 Ke6 (
56... Kc6 $2 57. a4 Kb6 58. axb5 Kxb5 59. Kd5 $18) (56... Kc7 57. a4 (57. Kd5
Kb6 58. a4 c4 59. a5+ Kxa5 60. bxc4 b4) 57... c4 58. axb5 cxb3 59. Kd3 Kb6 60.
Kc3 Kc5 61. Kxb3 Kxb5 $10) 57. a4 c4 58. a5 (58. axb5 cxb3 59. Kd3 Kd5 $10)
58... cxb3 59. Kd3 Kd5 60. Kc3 Kc6 61. Kxb3 Kb7 62. Kc3 Ka7 $10) 55. a4 Kc6 56.
axb5+ (56. a5 Kb7 57. e4 fxe4+ 58. Kxe4 Ka6 59. Kd5 c4 60. bxc4 b4 61. Kd4 (61.
c5 $2 b3 62. c6 b2 63. c7 Kb7 $19) 61... Kxa5 62. Kd3 Kb6 63. Kc2 Kc6 $10) (56.
e4 c4+ 57. bxc4 fxe4+) 56... Kxb5 57. e4 (57. Kc3 Kb6 58. Kc4 Kc6 59. b4 cxb4
60. Kxb4 Kd5 61. Kc3 Ke4 62. Kd2 f4 63. exf4 Kxf4 64. Ke2 Kg3 65. Kf1 Kf4 66.
Kf2 Ke4 $10) 57... fxe4+ 58. Kxe4 Kb4 59. Kd5 Kb5 60. Ke5 Ka5 (60... Kb4 $2 61.
Kd6 Kb5 62. Kc7 $18) 61. Kd6 Kb6 $10) 52... Qxe3 53. Qd8+ Kc6 54. Qd3 $16) 52.
exf4 $18 Kd5 (52... c4 53. Kd2 (53. Kc3 Kd5 (53... Kc5 54. a4 b5 55. axb5 Kxb5
56. Kd4 (56. b3 cxb3 57. Kxb3 Kc5 58. Kc3 Kd5 59. Kd3 Kc5 60. Ke3 Kd5 61. g3
hxg3 62. Kf3 (62. h4 $2 Ke6) 62... Ke6 63. Kxg3 Kf6 64. Kf3 Kg6 65. Ke3 Kh5 66.
Kd4 Kh4 67. Ke5 $18) 56... Kb4 57. Kd5 Kb5 58. Ke5 Kb4 59. Kd4 Kb5 60. Kd5 Kb4
61. Kc6 $18) 54. Kb4 (54. a4 Kc5 55. b4+ cxb3 56. Kxb3 Kd5 (56... b5 $2 57. a5)
57. Kb4 Kc6 58. Kc4 Kd6 59. Kd4 (59. Kb5 Kc7) 59... Ke6 60. Ke3 Kf6 $10) 54...
Ke4 55. Kb5 Kxf4 56. Kxb6 Kg3 57. a4 Kxg2 58. a5 f4 59. a6 f3 60. a7 f2 61.
a8=Q+ Kg1 62. Qg8+ Kh2 63. Qxc4 Kg2 64. b4 f1=Q 65. Qxh4 (65. Qxf1+ $2 Kxf1 66.
b5 Kg2 67. Kc5 Kxh3 68. b6 Kg2 69. b7 h3 70. b8=Q h2 $10) 65... Qd3 66. Qg4+
Kh2 67. Qe6 $18) 53... b5 54. Ke3 Kd5 (54... Ke6 55. Kd4 Kd6 56. a4 $18) 55.
Kf3 (55. g4 $2 hxg3 56. Kf3 (56. h4 Ke6 $10) 56... g2 57. Kxg2 Ke4 58. Kg3 Kd3)
55... Ke6 (55... Kd4 56. g4 hxg3 57. h4 $18) 56. g4 hxg3 57. Kxg3 Kf6 58. Kf3
Kg6 59. Ke3 Kh5 60. Kd4 Kh4 61. Ke5 $18) 53. Kd3 b5 54. Ke3 (54. b3 $2 Kc6 55.
Kc3 Kb6 56. a4 Ka5 $10) 54... Kc4 (54... Ke6 55. g3 hxg3 56. Kf3 Kf6 57. Kxg3
Kg6 58. Kf3 Kh5 59. Ke3 Kh4 60. b3 Kxh3 61. a4 c4 62. axb5 cxb3 63. Kd2 $18)
55. g4 (55. g3 Kb3 (55... hxg3 {- game}) 56. gxh4 Kxb2 57. h5 c4 58. h6 c3 59.
h7 c2 60. h8=Q+ Kb1 61. Qc3 c1=Q+ 62. Qxc1+ Kxc1 63. h4 $18) 55... hxg3 56. h4
Kd5 57. Kf3 Ke6 58. Kxg3 Kf6 59. Kf3 Kg6 60. Ke3 Kh5 (60... c4 61. Kd4 Kh5 62.
Ke5 Kg4 63. h5 $18) 61. b3 Kg4 62. a4 {(62...c4 63.ab5 cb3 64.Kd2)} 1-0